The Abingdon Bible Commentary. (Record no. 4362)
[ view plain ]
| 000 -LEADER | |
|---|---|
| fixed length control field | 00721nam a2200241I 4500 |
| 001 - CONTROL NUMBER | |
| control field | 260954 |
| 003 - CONTROL NUMBER IDENTIFIER | |
| control field | OSt |
| 005 - DATE AND TIME OF LATEST TRANSACTION | |
| control field | 20181205122223.0 |
| 008 - FIXED-LENGTH DATA ELEMENTS--GENERAL INFORMATION | |
| fixed length control field | 720310 1929 eng u |
| 035 ## - SYSTEM CONTROL NUMBER | |
| System control number | 0071337 |
| 040 ## - CATALOGING SOURCE | |
| Transcribing agency | UTS |
| Modifying agency | OSU |
| 082 ## - DEWEY DECIMAL CLASSIFICATION NUMBER | |
| Classification number | REF 220.7 |
| Item number | E82A |
| 090 ## - LOCALLY ASSIGNED LC-TYPE CALL NUMBER (OCLC); LOCAL CALL NUMBER (RLIN) | |
| Classification number (OCLC) (R) ; Classification number, CALL (RLIN) (NR) | BS491 |
| Local cutter number (OCLC) ; Book number/undivided call number, CALL (RLIN) | .E5 |
| 090 00 - LOCALLY ASSIGNED LC-TYPE CALL NUMBER (OCLC); LOCAL CALL NUMBER (RLIN) | |
| Classification number (OCLC) (R) ; Classification number, CALL (RLIN) (NR) | BS491 |
| Local cutter number (OCLC) ; Book number/undivided call number, CALL (RLIN) | .E5 |
| 100 1# - MAIN ENTRY--PERSONAL NAME | |
| Personal name | Eiselen, Frederick Carl, |
| Dates associated with a name | 1872-1937, |
| Relator term | ed |
| 245 04 - TITLE STATEMENT | |
| Title | The Abingdon Bible Commentary. |
| Statement of responsibility, etc. | by Fredrick Carl Eiselen, Edwin Lewis, and David G. Downey |
| 260 ## - PUBLICATION, DISTRIBUTION, ETC. | |
| Place of publication, distribution, etc. | New York, |
| Name of publisher, distributor, etc. | Abingdon-Cokesbury Press, |
| Date of publication, distribution, etc. | [c1929] |
| 300 ## - PHYSICAL DESCRIPTION | |
| Extent | xvi, l452p., |
| Other physical details | maps, |
| Dimensions | 24 cm |
| 630 #0 - SUBJECT ADDED ENTRY--UNIFORM TITLE | |
| Uniform title | Bible |
| General subdivision | Commentaries |
| 700 10 - ADDED ENTRY--PERSONAL NAME | |
| Personal name | Lewis, Edwin, |
| Dates associated with a name | 1881- |
| 700 10 - ADDED ENTRY--PERSONAL NAME | |
| Personal name | Downey, David George, |
| Dates associated with a name | 1858-1935 |
| 942 ## - ADDED ENTRY ELEMENTS (KOHA) | |
| Source of classification or shelving scheme | Dewey Decimal Classification |
| Koha item type | Reference |
| Withdrawn status | Lost status | Source of classification or shelving scheme | Damaged status | Not for loan | Collection code | Home library | Current library | Shelving location | Date acquired | Cost, normal purchase price | Total Checkouts | Full call number | Barcode | Date last seen | Price effective from | Koha item type |
|---|---|---|---|---|---|---|---|---|---|---|---|---|---|---|---|---|
| Dewey Decimal Classification | Not For Loan | Reference | Harvest Mission College | Harvest Mission College | Reference | 05.12.2018 | 6550.00 | REF 220.7 E82A | 004963 | 05.12.2018 | 05.12.2018 | Reference | ||||
| Dewey Decimal Classification | Not For Loan | Reference | Harvest Mission College | Harvest Mission College | Reference | 05.12.2018 | 6550.00 | REF 220.7 E82A | 005614 | 18.12.2018 | 05.12.2018 | Reference | ||||
| Dewey Decimal Classification | Not For Loan | Reference | Harvest Mission College | Harvest Mission College | Reference | 05.12.2018 | 6550.00 | REF 220.7 E82A | 012249 | 03.03.2021 | 05.12.2018 | Reference |
